| Поле | Инд. | ПП | Название | Значение |
|---|---|---|---|---|
| Тип записи | a | |||
| Библиографический уровень | m | |||
| 001 | Контрольный номер | d916c9748c93481aaf7dd5c615a43f8c | ||
| 005 | Дата корректировки | 20260208142552.1 | ||
| 084 | a | Индекс другой классификации/Индекс ББК | 3 | |
| 091 | i | Возрастная адресация (DOS) | 12+ | |
| 097 | b | Оператор | Кондратьева; Чирова; Пилюгина | |
| 245 | 10 | a | Заглавие | Мир техники для детей |
| n | Номер части/ раздела | 1 | ||
| 260 | c | Дата издания | 2026 | |
| 900 | a | Имя макрообъекта | 0000003897061 | |
| 901 | t | Тип документа | s |